000 00478nam a22001817a 4500
003 KOHA_MİRAKIL
005 20251201073944.0
008 251201b tu ||||| |||| 00| 0 tur d
020 _a9786259874159
040 _aTR-AnABB
_btur
_cTR-AnABB
041 _atur
082 _a347.021
_bYIL 2023
245 1 0 _aYıllık rapor 2023 /
260 _aAnkara :
_bAnayasa Mahkemesi Yayınları,
_c2023
300 _a202 sayfa ;
_c22 cm
650 0 4 _aMahkemeler
942 _2ddc
_cBK
999 _c9677
_d9677
900 _bGizem YORULMAZ